000 00295nam a2200109Ia 4500
005 20251222153547.0
008 251222s9999||||xx |||||||||||||| ||spa||
082 _a658.1/B13E/G
100 _a"Ortíz de Zevallos, Gabriel, ed."
245 0 _aEconomía y gestión: guía para docentes
942 _cLIB
999 _c30709
_d30709